Wymień Flagi Europy-Wypisywanie z obrazami - Statystyki

Ogólne statystyki
  • Ten quiz został rozwiązany 85 razy
  • Średni wynik to 38 z 45
Statystyki odpowiedzi
Obrazkowy Hint Odpowiedź % Poprawnych
Watykan
100%
Ukraina
99%
Wielka Brytania
97%
Hiszpania
96%
Słowacja
95%
Polska
93%
Rosja
93%
Słowenia
93%
Włochy
90%
Czechy
89%
Francja
89%
Monako
89%
Niemcy
89%
San Marino
89%
Białoruś
88%
Belgia
86%
Chorwacja
86%
Grecja
86%
Holandia
86%
Kosowo
86%
Litwa
86%
Serbia
86%
Albania
85%
Bośnia
85%
Irlandia
85%
Islandia
85%
Szwajcaria
85%
Dania
84%
Finlandia
84%
Luksemburg
84%
Portugalia
84%
Szwecja
84%
Estonia
82%
Liechtenstein
82%
Malta
82%
Norwegia
82%
Turcja
82%
Czarnogóra
81%
Austria
79%
Rumunia
79%
Węgry
79%
Bułgaria
77%
Andora
75%
Mołdawia
70%
Łotwa
58%
Nie znaleziono quizów pasujących do podanych kryteriów
Rozkład punktacji
Procent ludzi z każdym wynikiem
Percentyl według liczby udzielonych odpowiedzi
Twoja historia wyników
Nie rozwiązałeś tego quizu